000 00566nam a2200229 a 4500
001 nice12345678
003 IN_TiNIC
005 20260116015217.0
008 080529s1954 newa grp 000 0 eng
020 _a
_c50
082 0 0 _a230
_bPHI
100 _aPhillips, J B
245 _aAppointment With God
_b Some Thoughts on Holy Communion
260 _aNew York
_bMacmillan Company
_c1954
300 _a61p
500 _aincludes index and biblioraphy
650 _aTheology
700 1 _aPhillips, J B
902 _bSRS
942 _cBK
999 _c18777
_d18777